| 000 | 00404nam a2200145Ia 4500 | ||
|---|---|---|---|
| 008 | 211109s9999||||xx |||||||||||||| ||und|| | ||
| 082 |
_a894.8123 _bKAN-B |
||
| 100 | _aKanakath, Padmanabha Menon | ||
| 245 | 0 | _aBharathan | |
| 260 |
_bUnknown Publisher _aNo Place _c1930 |
||
| 300 | _a55p. | ||
| 630 | _xGeneral Stack | ||
| 650 |
_aMALAYALAM LITERATURE _vMALAYALAM NOVELLITERATURE _xGeneralia |
||
| 942 | _cBOOK | ||
| 999 |
_c6184 _d6184 |
||